"...ti hitvány ékszerek, ... ti fényes bűnjelek" néhány bibliai történet gazdagságról és szegénységről a Verses Szentírásban /
Elmentve itt :
| Szerző: | |
|---|---|
| Dokumentumtípus: | Könyv része |
| Megjelent: |
2014
|
| Sorozat: | A vallási kultúrakutatás könyvei
Tanulmányok a Verses Szentírásról |
| Kulcsszavak: | Népi vallásosság - magyar - életrajz, Varga Lajos, Magyar irodalom - költészet, Bibliaismeret |
| Tárgyszavak: | |
| Online Access: | http://acta.bibl.u-szeged.hu/67271 |
| LEADER | 01040naa a2200253 i 4500 | ||
|---|---|---|---|
| 001 | acta67271 | ||
| 005 | 20211125103519.0 | ||
| 008 | 200527s2014 hu o 0|| hun d | ||
| 020 | |a 978-963-306-301-9 | ||
| 022 | |a 2064-4825 | ||
| 040 | |a SZTE Egyetemi Kiadványok Repozitórium |b hun | ||
| 041 | |a hun | ||
| 100 | 1 | |a Barna Gábor | |
| 245 | 1 | 0 | |a "...ti hitvány ékszerek, ... ti fényes bűnjelek" |h [elektronikus dokumentum] : |b néhány bibliai történet gazdagságról és szegénységről a Verses Szentírásban / |c Barna Gábor |
| 260 | |c 2014 | ||
| 300 | |a 121-148 | ||
| 490 | 0 | |a A vallási kultúrakutatás könyvei | |
| 490 | 0 | |a Tanulmányok a Verses Szentírásról | |
| 650 | 4 | |a Társadalomtudományok | |
| 650 | 4 | |a Szociológia | |
| 650 | 4 | |a Bölcsészettudományok | |
| 650 | 4 | |a Nyelvek és irodalom | |
| 695 | |a Népi vallásosság - magyar - életrajz, Varga Lajos, Magyar irodalom - költészet, Bibliaismeret | ||
| 856 | 4 | 0 | |u http://acta.bibl.u-szeged.hu/67271/1/vallasi_kulturakutatas_konyvei_014_121-148.pdf |z Dokumentum-elérés |